000 00642nam a2200253Ia 4500
005 20260121155146.0
008 008 260114s9999 xx 000 0 eng d
020 _a9780429347276
037 _aEBOOK
040 _aCRL
040 _beng
040 _cCRL
041 _2eng
041 _aeng
084 _qCRL
100 _a Pierre Destr‚e; Malcolm Heath; Dana L. Munteanu
_91016077
245 4 _aThe Poetics in its Aristotelian Context
260 _bTaylor and Francis
260 _c2020
856 _uhttp://www.taylorfrancis.com/books/9780429347276
942 _cEBOOK
999 _c1582896
_d1582896